<?xml version="1.0" encoding="UTF-8"?>
<record
    xmlns:xsi="http://www.w3.org/2001/XMLSchema-instance"
    xsi:schemaLocation="http://www.loc.gov/MARC21/slim http://www.loc.gov/standards/marcxml/schema/MARC21slim.xsd"
    xmlns="http://www.loc.gov/MARC21/slim">

  <leader>00623nam a2200193Ia 4500</leader>
  <controlfield tag="008">220501s2021    xx            000 0 eng d</controlfield>
  <datafield tag="020" ind1=" " ind2=" ">
    <subfield code="a">9789353502362</subfield>
  </datafield>
  <datafield tag="082" ind1=" " ind2=" ">
    <subfield code="a">658.403 AND-I</subfield>
  </datafield>
  <datafield tag="100" ind1=" " ind2=" ">
    <subfield code="a">Anderson, David R.</subfield>
  </datafield>
  <datafield tag="245" ind1=" " ind2="0">
    <subfield code="a">Introduction to management science : quantitative approaches to decision making</subfield>
    <subfield code="c">David R. Anderson... [et al.]</subfield>
  </datafield>
  <datafield tag="260" ind1=" " ind2=" ">
    <subfield code="a">Delhi</subfield>
    <subfield code="b">Cengage</subfield>
    <subfield code="c">2021</subfield>
  </datafield>
  <datafield tag="300" ind1=" " ind2=" ">
    <subfield code="a">xxvii, 877</subfield>
  </datafield>
  <datafield tag="650" ind1=" " ind2=" ">
    <subfield code="a">Management science</subfield>
  </datafield>
  <datafield tag="650" ind1=" " ind2=" ">
    <subfield code="a">Management science - Mathematical models</subfield>
  </datafield>
  <datafield tag="650" ind1=" " ind2=" ">
    <subfield code="a">Operations Management</subfield>
  </datafield>
  <datafield tag="700" ind1=" " ind2=" ">
    <subfield code="a">Sweeney, Dennis J.</subfield>
  </datafield>
  <datafield tag="700" ind1=" " ind2=" ">
    <subfield code="a">Williams, Thomas A.</subfield>
  </datafield>
  <datafield tag="942" ind1=" " ind2=" ">
    <subfield code="2">ddc</subfield>
    <subfield code="c">REF</subfield>
    <subfield code="0">7</subfield>
  </datafield>
  <datafield tag="999" ind1=" " ind2=" ">
    <subfield code="c">18193</subfield>
    <subfield code="d">18193</subfield>
  </datafield>
  <datafield tag="952" ind1=" " ind2=" ">
    <subfield code="0">0</subfield>
    <subfield code="1">0</subfield>
    <subfield code="2">ddc</subfield>
    <subfield code="4">0</subfield>
    <subfield code="7">0</subfield>
    <subfield code="a">SOBD</subfield>
    <subfield code="b">SOBD</subfield>
    <subfield code="d">2022-05-26</subfield>
    <subfield code="e">Vedi Books</subfield>
    <subfield code="o">658.403 AND-I1</subfield>
    <subfield code="p">001463</subfield>
    <subfield code="r">2022-07-01</subfield>
    <subfield code="t">1</subfield>
    <subfield code="w">2022-04-14</subfield>
    <subfield code="y">REF</subfield>
    <subfield code="k">VEDI/22-23/04/11</subfield>
  </datafield>
  <datafield tag="952" ind1=" " ind2=" ">
    <subfield code="0">0</subfield>
    <subfield code="1">0</subfield>
    <subfield code="2">ddc</subfield>
    <subfield code="4">0</subfield>
    <subfield code="7">0</subfield>
    <subfield code="a">SOBD</subfield>
    <subfield code="b">SOBD</subfield>
    <subfield code="d">2022-05-26</subfield>
    <subfield code="e">Vedi Books</subfield>
    <subfield code="l">8</subfield>
    <subfield code="m">5</subfield>
    <subfield code="o">658.403 AND-I2</subfield>
    <subfield code="p">001464</subfield>
    <subfield code="r">2025-12-16</subfield>
    <subfield code="s">2025-12-03</subfield>
    <subfield code="t">2</subfield>
    <subfield code="w">2022-04-14</subfield>
    <subfield code="y">BK</subfield>
    <subfield code="k">VEDI/22-23/04/11</subfield>
  </datafield>
</record>
